les 10 pays les plus puissants militairement - Statistiques

Statistiques générales
  • Ce quiz a été pris 336 fois
  • Le résultat moyen est 9 sur 10
Statistiques - réponses
PowerIndex Réponse % Correct
0,1878 France
100%
0,0744 États Unis
99%
0,0788 Chine
98%
0,0788 Russie
98%
0,1839 Japon
89%
0,1785 Royaume Uni
88%
0,1184 Inde
86%
0,2164 Italie
72%
0,1656 Corée du Sud
70%
0,1902 Turquie
54%
Aucun quiz correspondant
Distribution des résultats
% des personnes avec chaque résultat
Percentile par nombre de réponses
Votre historique - résultats
Vous n’avez pas pris ce quiz